000 00886nam a22002897a 4500
003 CHAP
005 20220329140545.0
008 971013s1968 r 00010 d
010 _a53871
011 _a54843
035 _a58995
040 _cCHAP
082 _a636.089
_bR8Y
100 0 0 _aRunnells, Russell Alger.
_9100861
245 _aPrincipios de patología veterinaria
260 _aMéxico, D. F. :
_bCECSA,
_c1968
300 _a862 p.
_b: ilus.
500 _aTrad. de la 7 ed. en inglés
590 _aBATCH-UPD
_b10
_c20130110
_lUCH01
_h0742
590 _aCONVERSION
_b10
_c20130109
_lUCH01
_h1329
650 1 4 _aVeterinaria.
_9118987
700 0 _aMonlux, William S.
_977532
901 _aBK
942 _cLIBRO
949 _a636.089 R8Y
_bBC
_cLIBRO
_d33724000278149
_eLIBRO
_fc.2
_h39654
_i58995
_si
949 _a636.089 R8Y
_bBC
_cLIBRO
_d33724000832721
_eLIBRO
_h19669
_i58995
_si
999 _c53871
_d53871